000 00412pab a2200169 454500
008 180718b1997 xxu||||| |||| 00| 0 eng d
100 _aPai Panandiker, D.H.
245 _aChidambaram effect on economy
260 _c1997
300 _ap.8
362 _a19 Mar
650 _aBudget - India
650 _aFinance, Public - India
650 _aPublic finance
773 _aFinancial Express
909 _a34438
999 _c34438
_d34438